<?xml version="1.0" encoding="UTF-8"?>
<record
    xmlns:xsi="http://www.w3.org/2001/XMLSchema-instance"
    xsi:schemaLocation="http://www.loc.gov/MARC21/slim http://www.loc.gov/standards/marcxml/schema/MARC21slim.xsd"
    xmlns="http://www.loc.gov/MARC21/slim">

  <leader>00799nam a22001697a 4500</leader>
  <controlfield tag="005">20240705141421.0</controlfield>
  <controlfield tag="008">240705b        |||||||| |||| 00| 0 eng d</controlfield>
  <datafield tag="040" ind1=" " ind2=" ">
    <subfield code="a">KMU</subfield>
    <subfield code="c">KMU</subfield>
    <subfield code="d">KMU</subfield>
    <subfield code="e">rda</subfield>
  </datafield>
  <datafield tag="050" ind1=" " ind2=" ">
    <subfield code="a">Sh 311 </subfield>
  </datafield>
  <datafield tag="111" ind1=" " ind2=" ">
    <subfield code="a">NEPAD/WorldFish Center</subfield>
    <subfield code="c">Abjuja,Nigeria</subfield>
    <subfield code="d">22-25 August,2005</subfield>
    <subfield code="e">WorldFish Centrer</subfield>
  </datafield>
  <datafield tag="245" ind1=" " ind2=" ">
    <subfield code="a">Inland Fisheries  in Africa:</subfield>
    <subfield code="b">Key Issues and Future Opportunities for sustainable Development/</subfield>
    <subfield code="c">NEPAD and WorlFish Center</subfield>
  </datafield>
  <datafield tag="260" ind1=" " ind2=" ">
    <subfield code="a">Abuja:</subfield>
    <subfield code="c">2005</subfield>
  </datafield>
  <datafield tag="300" ind1=" " ind2=" ">
    <subfield code="a">73 p.:</subfield>
    <subfield code="b">ill.;</subfield>
    <subfield code="c">29cm</subfield>
  </datafield>
  <datafield tag="490" ind1=" " ind2=" ">
    <subfield code="a">Technical Review paper-Inland Fisheries</subfield>
    <subfield code="v">NEPAD-Fish for all summit</subfield>
  </datafield>
  <datafield tag="611" ind1=" " ind2=" ">
    <subfield code="a">NEPAD</subfield>
    <subfield code="c">22-25 August,2005</subfield>
    <subfield code="e">WorldFish Center</subfield>
    <subfield code="t">Inland Fisheries  in Africa:Key Issues and Future Opportunities for sustainable Development/</subfield>
    <subfield code="v">Fisheries</subfield>
    <subfield code="x">Aquaculture</subfield>
    <subfield code="y">Fish for all</subfield>
    <subfield code="z">Africa</subfield>
  </datafield>
  <datafield tag="942" ind1=" " ind2=" ">
    <subfield code="2">lcc</subfield>
    <subfield code="c">SE</subfield>
    <subfield code="n">0</subfield>
  </datafield>
  <datafield tag="999" ind1=" " ind2=" ">
    <subfield code="c">1379</subfield>
    <subfield code="d">1379</subfield>
  </datafield>
  <datafield tag="952" ind1=" " ind2=" ">
    <subfield code="0">0</subfield>
    <subfield code="1">0</subfield>
    <subfield code="2">lcc</subfield>
    <subfield code="4">0</subfield>
    <subfield code="7">0</subfield>
    <subfield code="8">NFIC</subfield>
    <subfield code="a">CPL</subfield>
    <subfield code="b">CPL</subfield>
    <subfield code="c">SP</subfield>
    <subfield code="d">2024-07-05</subfield>
    <subfield code="e">Donation</subfield>
    <subfield code="l">0</subfield>
    <subfield code="o">Sh 311 Inl</subfield>
    <subfield code="p">742422</subfield>
    <subfield code="r">2024-07-05 00:00:00</subfield>
    <subfield code="w">2024-07-05</subfield>
    <subfield code="y">SE</subfield>
  </datafield>
</record>
